Help, I can't draw! : (Record no. 49193)
[ view plain ]
| 000 -LEADER | |
|---|---|
| fixed length control field | 00511nam a22001697a 4500 |
| 008 - FIXED-LENGTH DATA ELEMENTS--GENERAL INFORMATION | |
| fixed length control field | 191216b ||||| |||| 00| 0 eng d |
| 100 ## - MAIN ENTRY--PERSONAL NAME | |
| Personal name | Pigrem, Sheila, |
| 245 ## - TITLE STATEMENT | |
| Title | Help, I can't draw! : |
| Remainder of title | a pictorial workbook of modern-day illustrations for teachers / |
| Statement of responsibility, etc | Sheila, Pigrem. |
| 260 ## - PUBLICATION, DISTRIBUTION, ETC. (IMPRINT) | |
| Place of publication, distribution, etc | Eastbourne : |
| Name of publisher, distributor, etc | Kingsway, |
| Date of publication, distribution, etc | 1991. |
| 300 ## - PHYSICAL DESCRIPTION | |
| Extent | 48 p. : |
| Other physical details | ill. ; |
| Dimensions | 21 x 30 cm. |
| 336 ## - CONTENT TYPE | |
| Content Type Term | text |
| 337 ## - MEDIA TYPE | |
| Media Type Term | unmediated |
| 338 ## - CARRIER TYPE | |
| Carrier Type Term | volume |
| 505 ## - FORMATTED CONTENTS NOTE | |
| Formatted contents note | Vol.4. |
| 650 ## - SUBJECT ADDED ENTRY--TOPICAL TERM | |
| Topical term or geographic name as entry element | Drawings |
| General subdivision | Techniques. |
| 942 ## - ADDED ENTRY ELEMENTS (KOHA) | |
| Source of classification or shelving scheme | Library of Congress Classification |
| Item type | Books |
| Withdrawn status | Lost status | Source of classification or shelving scheme | Materials specified (bound volume or other part) | Damaged status | Not for loan | Home library | Current library | Shelving location | Date acquired | Source of acquisition | Inventory number | Total Checkouts | Full call number | Barcode | Date last seen | Price effective from | Koha item type |
|---|---|---|---|---|---|---|---|---|---|---|---|---|---|---|---|---|---|
| Library of Congress Classification | v.4 | BSOP Library | BSOP Library | GC | 12/16/2019 | Hilfe Fur Bruder | 16234 | NC730 P62 v.4 | 00021687 | 12/16/2019 | 12/16/2019 | Books |
